Statistics for Olympic Gold Medalists in Handball (MEN)

Click here to take the quiz!

General Stats

  • This quiz has been taken 65 times
    (33 since last reset)
  • The average score is 6 of 14

Answer Stats

YearGold% Correct
2021France
97%
2016Denmark
83%
2012France
80%
2008France
70%
2004Croatia
57%
1996Croatia
40%
2000Russia
37%
1988Soviet Union
27%
1976Soviet Union
23%
1936Germany
20%
1984Yugoslavia
20%
1972Yugoslavia
20%
1980East Germany
17%
1992Unified Team
17%

Score Distribution

Percentile by Number Answered

Percent of People with Each Score

Your Score History

You have not taken this quiz since the last reset